Káčatko : maňuškové leporelo /

Hlavní autor: Baruzzi, Agnese, 1980-
Další autoři: Golianová, Jana
Jazyk: Slovenština
Vydáno: Ostrava : Bookmedia s.r.o., [2021]
Témata:
Fyzický popis: 14 nečíslovaných stran : barevné ilustrace ; 11 cm
Knihy
Uloženo v:
LEADER 01783nam a2200481 i 4500
001 nkc20213366110
003 CZ PrNK
005 20211201115431.0
007 ta
008 211011t20212021xr a a 000 u slo
015 |a cnb003366110 
020 |a 978-80-7639-102-4  |q (vázáno) 
035 |a (OCoLC)1288052746 
035 |a (OCoLC)1291383207 
040 |a BOA001  |b cze  |d ABA001  |e rda 
041 1 |a slo  |k eng  |h ita 
072 7 |a 821-93-053.4  |x Literatura pro nejmenší děti  |2 Konspekt  |9 26 
080 |a 821-93-053.4  |2 MRF 
080 |a (0.025.2)  |2 MRF 
100 1 |a Baruzzi, Agnese,  |d 1980-  |7 pna2014835911  |4 ill 
245 1 0 |a Káčatko :  |b maňuškové leporelo /  |c ilustrácie Agnese Baruzzi ; preklad Jana Golianová 
264 1 |a Ostrava :  |b Bookmedia s.r.o.,  |c [2021] 
264 4 |c ©2021 
300 |a 14 nečíslovaných stran :  |b barevné ilustrace ;  |c 11 cm 
336 |a text  |b txt  |2 rdacontent 
336 |a statický obraz  |b sti  |2 rdacontent 
336 |a trojrozměrná forma  |b tdf  |2 rdacontent 
337 |a bez média  |b n  |2 rdamedia 
338 |a svazek  |b nc  |2 rdacarrier 
338 |a objekt  |b nr  |2 rdacarrier 
500 |a Přeloženo z anglické verze italského originálu? 
500 |a Kartonové listy s průřezem a vlepeným prstovým maňáskem 
655 7 |a leporela  |7 fd132727  |2 czenas 
655 7 |a publikace pro nejmenší děti  |7 fd1060157  |2 czenas 
655 9 |a folding picture-books  |2 eczenas 
655 9 |a publications for small children  |2 eczenas 
700 1 |a Golianová, Jana  |4 trl 
765 0 8 |i Název anglického vydání:  |t Little duck  |9 Slovensky 
910 2 |a BOA001  |b S-1472.803 
990 |a BK 
995 |a 01 
991 |b 202111  |c NOV 
996 6 |b 2610882781  |c S-1472.803  |l MZK  |r Sklad / do 24 hodin  |n 0  |p p.v.  |w 001866764  |u 000010  |a 1  |e BOA001  |j MZK50  |s P